000 00931nam a22003017a 4500
001 5307
003 FISKH
005 20241125150319.0
008 241125b cb ||||| |||| 00| 0 eng d
020 _a9780439810418
040 _aFISKH
_beng
_cFISKH
_dFISKH
050 _aPZ8.S9227
082 _a813.54
100 _aSturges, Philemon
_d(1929-)
245 _aI love school! /
_cBy Philemon Sturges Illustrated by Shari Halpern
250 _aFirst printing in 2005
260 _aNew York :
_bScholastic,
_c2005.
300 _a26 pages :
_bColor illustrations ;
_c23 cm
505 _aF
520 _aA brother and sister describe the things they love to do during their day at kindergarten.
521 8 _a240L
_bLexile
521 8 _aF
_bRaz-Plus
650 _2Back to school
_aFriendship
650 _2School
_aFirst day of school
700 _aHalpern, Shari
_dIllustrator
942 _2ddc
_cBK
_n0
999 _c5307
_d5307